000 02760nam0a2200421 4500
001 RU\NLR\BIBL_A\021969138
005 20230825154203.0
010 _a978-5-00104-944-9
_9500
021 _aRU
_bКН-П-23-034801
_9КН-П-23-3451
035 _a(NLR Aleph) 021969138
035 _a(RuMoRGB)011817112
090 _a12353610
_c12353610
100 _a20230626d2023 k y0rusy50 ca
101 0 _arus
102 _aRU
105 _ay|||z|||1||z|
181 1 _ai
_baxxe
182 1 _an
200 1 _aМолодежь XXI века: образование, наука, инновации
_eматериалы XI Всероссийской студенческой научно-практической конференции с международным участием (г. Новосибирск, 7-9 декабря 2022 г.)
_fМинистерство просвещения Российской Федерации, Новосибирский государственный педагогический университет, Институт искусств
_gпод редакцией Е. В. Лисецкой
203 _aТекст
_bвизуальный
_cнепосредственный
210 _aНовосибирск
_cИзд-во НГПУ
_d2023
215 _a275 с.
_cтабл.
_d21
225 1 _aГод педагога и наставника, 2023
320 _aБиблиогр. в конце ст.
606 1 _aИзобразительное искусство
_jСъезды, совещания и т.п
_92077705
_3RU\NLR\AUTH\661253401
606 1 _aХудожественное образование
_jСъезды, совещания и т.п
_91208732
_3RU\NLR\AUTH\66171892
606 1 _aУчащиеся
_jСъезды, совещания и т.п
_xРазвитие творческих способностей
_92533395
_3RU\NLR\AUTH\6601714115
686 1 _aЩ103(0)я431
686 1 _aЧ459.781я431
686 1 _aЧ313.55я431
702 1 _aЛисецкая
_bЕ. В.
_gЕлена Вениаминовна
_4340
711 1 2 _a"Молодежь XXI века: образование, наука, инновации", всероссийская студенческая научно-практическая конференция с международным участием
_d11
_eНовосибирск
_f2022
_9853080
_3RU\NLR\AUTH\880593766
712 0 2 _4475
_aНовосибирский государственный педагогический университет
_bИнститут искусств
_9645809
_3RU\NLR\AUTH\8810071879
942 _cBOOK
980 _aNB